00477cam a22001812 4500001001100000005001700011008004100028020001700069040001500086050002000101100003700121245003800158250001200196260003400208300001100242650003900253852000300292000002347020151217152241.0130122s xx 000 0 eng d a0073201170 : aKABUcKABU 0aQE38b.M66 20031 aMontgomery, Carla W.@000015441410aCustomized environmental geology. a6th ed. aBoston :bMcGraw-Hill,c2003. a428 p. 0aEnvironmental geology.@00001544151